MESTSKÁ KNIŽNICA GIRALTOVCE  - online katalóg 

Sborník slovenského národného múzea (Record no. 14983)

000 -NÁVESTIE
fixed length control field 00313nam a2200109 a 4500
008 - ÚDAJE S PEVNOU DĹŽKOU – VŠEOBECNÉ INFORMÁCIE
fixed length control field 101209s1962|||| d
020 ## - MEDZINÁRODNÉ ŠTANDARDNÉ ČÍSLO KNIHY (ISBN)
Údaje o dostupnosti 21
044 ## - KÓD KRAJINY VYDAVATEĽA/PRODUCENTA
Kód krajiny MARC xo
Kód krajiny ISO SK
041 ## - KÓD JAZYKA
Kód jazyka textu/zvukovej stopy alebo samostatných nápisov slo
245 10 - NÁZOV
Názov Sborník slovenského národného múzea
Zvyšok názvu Etnografia 3
260 ## - VYDAVATEĽSKÉ ÚDAJE, DISTRIBÚCIA ATĎ.
Názov vydavateľa, distibútora atď. Stredoslovenské vydavateľstvo
Miesto publikovania, distribúcie atď. Banská Bystrica
Dátum publikovania, distribúcie atď. 1962
Holdings
Stav stiahnutia (Blokovanie) (Withrawn status) Stav straty Stav poškodenia (Damaged status) Nie pre výpožičky (Not for loan) Spôsob nadobudnutia (Collection code) Trvalé umiestnenie Aktuálne umiestnenie Dátum nadobudnutia Náklady, bežná kúpna cena Inventárne číslo (prírastkové číslo) Full call number Dátum posledného výskytu Cena s účinnosťou od Typ jednotky Koha
        Kúpa Mestská knižnica Giraltovce Mestská knižnica Giraltovce 2019-11-29 21.00 14021 I 0120 2019-11-29 2019-11-29 Odborná literatúra pre dospelých

Powered by Koha